<?xml version="1.0" encoding="UTF-8"?>
<record
    xmlns:xsi="http://www.w3.org/2001/XMLSchema-instance"
    xsi:schemaLocation="http://www.loc.gov/MARC21/slim http://www.loc.gov/standards/marcxml/schema/MARC21slim.xsd"
    xmlns="http://www.loc.gov/MARC21/slim">

  <leader>01200nam0a22002771  4500</leader>
  <controlfield tag="001">rc\50019</controlfield>
  <controlfield tag="005">20250620161551.0</controlfield>
  <datafield tag="010" ind1=" " ind2=" ">
    <subfield code="a">5-7680-0850-0</subfield>
  </datafield>
  <datafield tag="035" ind1=" " ind2=" ">
    <subfield code="a">(NLR Aleph) 005329088</subfield>
  </datafield>
  <datafield tag="090" ind1=" " ind2=" ">
    <subfield code="a">6571668</subfield>
    <subfield code="c">6571668</subfield>
  </datafield>
  <datafield tag="100" ind1=" " ind2=" ">
    <subfield code="a">20021216d1994    |||y0rusy50      ca</subfield>
  </datafield>
  <datafield tag="101" ind1="0" ind2=" ">
    <subfield code="a">rus</subfield>
  </datafield>
  <datafield tag="102" ind1=" " ind2=" ">
    <subfield code="a">RU</subfield>
  </datafield>
  <datafield tag="105" ind1=" " ind2=" ">
    <subfield code="a">a   |||||||||</subfield>
  </datafield>
  <datafield tag="200" ind1="1" ind2=" ">
    <subfield code="a">&#x418;&#x441;&#x442;&#x43E;&#x440;&#x438;&#x44F; &#x430;&#x434;&#x44B;&#x445;&#x435;&#x439;&#x441;&#x43A;&#x43E;&#x433;&#x43E; &#x43D;&#x430;&#x440;&#x43E;&#x434;&#x430;</subfield>
    <subfield code="e">&#x421;&#x43E;&#x441;&#x442;&#x430;&#x432;&#x43B;. &#x43F;&#x43E; &#x43F;&#x440;&#x435;&#x434;&#x430;&#x43D;&#x438;&#x44F;&#x43C; &#x43A;&#x430;&#x431;&#x430;&#x440;&#x434;&#x438;&#x43D;&#x446;&#x435;&#x432;</subfield>
    <subfield code="f">&#x412;&#x441;&#x442;&#x443;&#x43F;. &#x441;&#x442;. &#x438; &#x43F;&#x43E;&#x434;&#x433;&#x43E;&#x442;. &#x442;&#x435;&#x43A;&#x441;&#x442;&#x430; &#x434;. &#x438;&#x441;&#x442;. &#x43D;., &#x430;&#x43A;&#x430;&#x434;. &#x410;&#x434;&#x44B;&#x433;. (&#x427;&#x435;&#x440;&#x43A;&#x435;&#x441;.) &#x430;&#x43A;&#x430;&#x434;. &#x43F;&#x440;&#x43E;&#x444;. &#x422;.&#x425;. &#x41A;&#x443;&#x43C;&#x44B;&#x43A;&#x43E;&#x432;&#x430;</subfield>
  </datafield>
  <datafield tag="210" ind1=" " ind2=" ">
    <subfield code="a">&#x41D;&#x430;&#x43B;&#x44C;&#x447;&#x438;&#x43A;</subfield>
    <subfield code="c">&#x42D;&#x43B;&#x44C;&#x431;&#x440;&#x443;&#x441;</subfield>
    <subfield code="d">1994</subfield>
  </datafield>
  <datafield tag="215" ind1=" " ind2=" ">
    <subfield code="a">232 &#x441;.</subfield>
    <subfield code="c">&#x43F;&#x43E;&#x440;&#x442;&#x440;.</subfield>
    <subfield code="d">21</subfield>
  </datafield>
  <datafield tag="300" ind1=" " ind2=" ">
    <subfield code="a">&#x412; &#x43F;&#x440;&#x435;&#x434;&#x438;&#x441;&#x43B;. &#x430;&#x432;&#x442;.: &#x428;.&#x411;. &#x41D;&#x43E;&#x433;&#x43C;&#x43E;&#x432;, &#x438;&#x441;&#x442;&#x43E;&#x440;&#x438;&#x43A;, &#x444;&#x438;&#x43B;&#x43E;&#x43B;&#x43E;&#x433;</subfield>
  </datafield>
  <datafield tag="300" ind1=" " ind2=" ">
    <subfield code="a">&#x41D;&#x430; 1-&#x439; &#x441;.: &#x41F;&#x43E;&#x441;&#x432;&#x44F;&#x449;&#x430;&#x435;&#x442;&#x441;&#x44F; 200-&#x43B;&#x435;&#x442;&#x438;&#x44E; &#x441;&#x43E; &#x434;&#x43D;&#x44F; &#x440;&#x43E;&#x436;&#x434;&#x435;&#x43D;&#x438;&#x44F; &#x430;&#x434;&#x44B;&#x433;. &#x43B;&#x435;&#x442;&#x43E;&#x43F;&#x438;&#x441;&#x446;&#x430; &#x428;.&#x411;. &#x41D;&#x43E;&#x433;&#x43C;&#x43E;&#x432;&#x430;</subfield>
  </datafield>
  <datafield tag="320" ind1=" " ind2=" ">
    <subfield code="a">&#x411;&#x438;&#x431;&#x43B;&#x438;&#x43E;&#x433;&#x440;. &#x432; &#x43A;&#x43E;&#x43C;&#x43C;&#x435;&#x43D;&#x442;.: &#x441;. 193-214</subfield>
  </datafield>
  <datafield tag="700" ind1=" " ind2="1">
    <subfield code="a">&#x41D;&#x43E;&#x433;&#x43C;&#x43E;&#x432;</subfield>
    <subfield code="b">&#x428;.&#x411;.</subfield>
    <subfield code="f">1801-1844</subfield>
    <subfield code="g">&#x428;&#x43E;&#x440;&#x430; &#x411;&#x435;&#x43A;&#x43C;&#x443;&#x440;&#x437;&#x43E;&#x432;&#x438;&#x447;</subfield>
  </datafield>
  <datafield tag="801" ind1=" " ind2="0">
    <subfield code="a">RU</subfield>
    <subfield code="b">NLR</subfield>
    <subfield code="g">psbo</subfield>
  </datafield>
  <datafield tag="801" ind1=" " ind2="1">
    <subfield code="a">RU</subfield>
    <subfield code="b">ELAR</subfield>
    <subfield code="2">rusmarc</subfield>
  </datafield>
  <datafield tag="852" ind1=" " ind2=" ">
    <subfield code="a">NLR</subfield>
    <subfield code="j">94-3/2725</subfield>
  </datafield>
  <datafield tag="942" ind1=" " ind2=" ">
    <subfield code="c">BOOK</subfield>
  </datafield>
  <datafield tag="980" ind1=" " ind2=" ">
    <subfield code="a">NB</subfield>
  </datafield>
  <datafield tag="995" ind1=" " ind2=" ">
    <subfield code="5">2013-10-26</subfield>
    <subfield code="b">NLR01</subfield>
    <subfield code="c">NLR01</subfield>
    <subfield code="e">RF8</subfield>
    <subfield code="f">1-1096889</subfield>
    <subfield code="k">94-3/2725</subfield>
    <subfield code="o">0</subfield>
    <subfield code="r">BOOK</subfield>
    <subfield code="s">9432725_</subfield>
  </datafield>
</record>
